00701nam a2200169Ia 4500008004100000020001800041082001800059100003600077245012200113260003300235300001100268440002500279500005000304650006800354952009200422999001700514120622s9999 xx 000 0 und d a970-613-607-X a324.972 G633p aGómez Palacio, Ignacio, 1943- aProcesos electorales : jurisprudencia y tesis relacionados del Tribunal Federal Electoral / Ignacio Gómez - Palacio aMéxico : Oxford University a287 p. aEstudios jurídicos aIncluye bibliografía e índice analítico a1. DERECHO ELECTORAL - MEXICO \ 2. ELECCIONES - LEGISLACIONÌ 00104070a01b01d2007-01-25l0o324.972 G633Pp01 009784r2024-06-18w2012-06-24yLB c59613d59613